000 00983 a2200205 4500
999 _c7288
_d7288
020 _a1840643226
050 0 0 _aHB221 PRI 2000
100 _aGardes, Francois
_eeditor
245 0 0 _aPrice expectations in goods and financial markets :
_bnew developments in theory and empirical research /
_cedited by Francois Gardes, Georges Prat ; preface by M. Hashem Pesaran.
264 _aCheltenham :
_bEdward Elgar,
_c2000.
300 _axvi, 302 p. :
_bill. ;
500 _aIncludes index
504 _aIncludes bibliographical references
650 0 _aPrices
_xEconometric models.
650 0 _aRational expectations (Economic theory)
700 1 _aGardes, Franȯis,
_d1950-
_eeditor
700 1 _aPrat, Georges,
_cdocteur d'Etat en sciences čonomiques.
_eeditor
942 _2lcc
_cBK
_h221
_iPRI
_kHB